| 000 | 00408nam a2200145Ia 4500 | ||
|---|---|---|---|
| 008 | 211118s9999||||xx |||||||||||||| ||und|| | ||
| 082 |
_a894.8123 _bMOH-N |
||
| 100 | _aMohanan, N | ||
| 245 | 0 | _aNunayude Kshanikathakal Thedy | |
| 260 |
_bImprint Books _aKollam _c1998 |
||
| 300 | _a86p | ||
| 630 | _xMalayalam NovelGeneral Stack | ||
| 650 |
_aMalayalam Literature _vMalayalam FictionMalayalam |
||
| 942 | _cBOOK | ||
| 999 |
_c96260 _d96260 |
||